LEADER 01017nam0 2200289 450 001 000023763 005 20090302134639.0 100 $a20090302d1974----km-y0itay50------ba 101 0 $aita 102 $aIT 105 $aaf------001yy 200 1 $a<>torpediniere italiane, 1881-1964$f[compilatore: Paolo M. Pollina] 205 $a2. ed. 210 $aRoma$cUfficio storico della Marina militare$d1974 215 $aXIV, 390 p., [32] c. di tav. ripieg.$cill.$d29 cm 225 2 $a<>navi d'Italia 410 0$12001$a<>navi d'Italia 500 10$a<>torpediniere italiane, 1881-1964$944933 610 1 $aTorpediniere$aItalia$aStoria$a1881-1964 676 $a359.32580945$v19$9Naviglio militare 702 1$aPollina,$bPaolo M. 710 02$aItalia :$bUfficio storico della marina militare$029337 801 0$aIT$bUNIPARTHENOPE$c20090302$gRICA$2UNIMARC 912 $a000023763 951 $aS 359.325/4$bS 657$cDSA$d2009 996 $aTorpediniere italiane, 1881-1964$944933 997 $aUNIPARTHENOPE LEADER 01327nam0 2200325 i 450 001 RML0343981 005 20231121125758.0 010 $a3110057034 100 $a20121210d1930 ||||0itac50 ba 101 | $ager 102 $ade 181 1$6z01$ai $bxxxe 182 1$6z01$an 200 1 $aAltspanischer Kirchenbau$fvon A.S. Frischauer 205 $aRist. anast. dell'ed.: Berlin : De Gruyter$b1930 210 $aBerlin, Leipzig$cWalter de Gruyter & Co.$d1978 215 $aIX, 98 p., 9 c. di tav.$cill.$d28 cm. 225 | $aStudien zur spätantiken Kunstgeschichte im Auftrage des Deutschen Archäologischen Instituts$v3 410 0$1001IEI0049020$12001 $aStudien zur spätantiken Kunstgeschichte im Auftrage des Deutschen Archäologischen Instituts$v3 606 $aChiese$xSpagna$2FIR$3RMLC388373$9I 676 $a726.5$9$v21 700 1$aFrischauer$b, A. S.$3PUVV311437$4070$01446425 801 3$aIT$bIT-01$c20121210 850 $aIT-FR0017 899 $aBiblioteca umanistica Giorgio Aprea$bFR0017 912 $aRML0343981 950 0$aBiblioteca umanistica Giorgio Aprea$d 52MAG 8/940$e 52FLS0000008745 VMB RS Prezzo stimato dal catalogatore$fA $h20121210$i20121210 977 $a 52 996 $aAltspanischer Kirchenbau$93633193 997 $aUNICAS